LEADER 01318nam2-22003371i-450- 001 990000182730403321 005 20040316091414.0 035 $a000018273 035 $aFED01000018273 035 $a(Aleph)000018273FED01 035 $a000018273 100 $a20020821d--------km-y0itay50------ba 101 0 $aita 102 $aIT 105 $ay-------001yy 200 1 $a1.: L'attività e le decisioni della Commissione, la giurisprudenza del Consiglio di Stato, documenti e bibliografia (aggiornato al 30 novembre 1994) 210 $aRoma$cPresidenza del Consiglio dei Ministri Dipartimento per l'informazione e l'editoria$d1995- 215 $a274 p$d24 cm 225 1 $aSocietà e istituzioni 461 0$1001000014352$12001$a<>accesso ai documenti amministrativi 610 0 $aSegreto d'ufficio 610 0 $aAtti amministrativi$aPubblicità$aLegislazione 676 $a342.450 662 710 02$aItalia.$bCommissione per l'accesso ai documenti amministrativi$0333804 801 0$aIT$bUNINA$gRICA$2UNIMARC 901 $aBK 912 $a990000182730403321 952 $a13 F 43 16$b10564$fFINBC 959 $aFINBC 996 $a1.: L'attività e le decisioni della Commissione, la giurisprudenza del Consiglio di Stato, documenti e bibliografia (aggiornato al 30 novembre 1994$9122492 997 $aUNINA LEADER 00838nam 2200253 450 001 9910325059103321 005 20190617155442.0 010 $a978-88-917-7953-3 100 $a20190617d2018----u y0engy50 ba 101 0 $aita 102 $aIT 105 0 $a 00 200 1 $a<>salute della donna$ecaregiving, salute e qualità della vita$elibro bianco 2018$fOsservatorio nazionale sulla salute della donna e di genere Fondazione Onda 210 $aMilano$cFrancoAngeli$d2018 215 $a141 p.$d22 cm 610 0 $aDonna$aSalute$aAspetti sociali 676 $a305.4$v22$zita 676 $a362.108$v22$zita 712 02$aOsservatorio nazionale sulla salute della donna e di genere 912 $a9910325059103321 952 $a305.4 OND 1$b6030$fbfs 959 $aBFS 996 $aSalute della donna$91557576 997 $aUNINA